000 00582nam a2200181Ia 4500
005 20250508155452.0
008 008 250505s9999 xx 000 0 eng d
037 _aTextual
040 _aFEDL
_beng
_cFEDL
041 _aeng
_2eng
084 _a372.954, NCE
_qFEDL
245 0 _aIncidence of wastage and stagnation in the elementary schools in India
245 0 _cDepartment of Educational Administration. National Council of Educational Research and Training
260 _c1965
300 _a23p.
942 _cTEXL
_h372.954, NCE
999 _c1357121
_d1357121